P. J. Mehta's Practical Medicine (Record no. 24502)

MARC details
000 -LEADER
fixed length control field 00339nam a22001457a 4500
003 - CONTROL NUMBER IDENTIFIER
control field SGT
020 ## - INTERNATIONAL STANDARD BOOK NUMBER
International Standard Book Number 9789357773515
082 ## - DEWEY DECIMAL CLASSIFICATION NUMBER
Classification number 617
Item number P23M
100 ## - MAIN ENTRY--PERSONAL NAME
Personal name Mehta, Nihar P.
245 ## - TITLE STATEMENT
Title P. J. Mehta's Practical Medicine
260 ## - PUBLICATION, DISTRIBUTION, ETC. (IMPRINT)
Place of publication, distribution, etc Mumbai, India
Name of publisher, distributor, etc National Book Depot
Year of Publication 2023
300 ## - PAGE DESCRIPTION
No. of Pages 638
650 ## - SUBJECT ADDED ENTRY--TOPICAL TERM
Topical term or geographic name as entry element Medicine
942 ## - ADDED ENTRY ELEMENTS (KOHA)
Source of classification or shelving scheme Dewey Decimal Classification
Koha item type Books
942 ## - ADDED ENTRY ELEMENTS (KOHA)
-- 173
Holdings
Withdrawn status Lost status Source of classification or shelving scheme Damaged status Not for loan Home library Current library Shelving location Date acquired Vendor Name SGTU Bill Number Total Checkouts Full call number Accession No. (Barcode) Date last seen Date last borrowed Bill Date Koha item type Checked out Total Renewals
    Dewey Decimal Classification     SGT Dental Library SGT Dental Library Reference Book 30/07/2023 Ahuja Book Co. Pvt. Ltd. SGTU 16974 35 617 P23M FD9008 28/05/2026 26/05/2026 28/06/2023 Books    
    Dewey Decimal Classification     SGT Dental Library SGT Dental Library Text Book 30/07/2023   SGTU 16974 46 617 P23M FD9009 21/05/2026 21/05/2026   Books 04/06/2026  
    Dewey Decimal Classification     SGT Dental Library SGT Dental Library Text Book 30/07/2023   SGTU 16974 40 617 P23M FD9010 13/05/2026 12/05/2026   Books    
    Dewey Decimal Classification     SGT Dental Library SGT Dental Library Text Book 30/07/2023   SGTU 16974 42 617 P23M FD9011 24/04/2026 24/04/2026   Books    
    Dewey Decimal Classification     SGT Dental Library SGT Dental Library Text Book 30/07/2023   SGTU 16974 51 617 P23M FD9012 24/04/2026 24/04/2026   Books    
    Dewey Decimal Classification     SGT Dental Library SGT Dental Library Text Book 30/07/2023   SGTU 16974 24 617 P23M FD9013 21/05/2026 21/05/2026   Books 04/06/2026  
    Dewey Decimal Classification     SGT Dental Library SGT Dental Library Text Book 30/07/2023   SGTU 16974 45 617 P23M FD9014 08/05/2026 21/04/2026   Books    
    Dewey Decimal Classification     SGT Dental Library SGT Dental Library Text Book 30/07/2023   SGTU 16974 43 617 P23M FD9015 12/05/2026 12/05/2026   Books    
    Dewey Decimal Classification     SGT Dental Library SGT Dental Library Text Book 30/07/2023   SGTU 16974 52 617 P23M FD9016 26/05/2026 08/05/2026   Books    
    Dewey Decimal Classification     SGT Dental Library SGT Dental Library Text Book 30/07/2023   SGTU 16974 37 617 P23M FD9017 10/04/2026 03/04/2026   Books   1